Statistics for Countries with the Most Jews

Click here to take the quiz!

General Stats

  • This quiz has been taken 166 times
    (114 since last reset)
  • The average score is 14 of 21

Answer Stats

JewsCountry% Correct
5,700,000United States
100%
6,340,600Israel
99%
292,000United Kingdom
95%
448,000France
91%
118,000Germany
88%
393,000Canada
86%
155,000Russia
82%
175,000Argentina
78%
92,000Brazil
78%
40,000Mexico
76%
118,000Australia
72%
27,000Italy
69%
45,000Ukraine
61%
29,800Netherlands
55%
29,000Belgium
52%
16,000Chile
49%
52,300South Africa
47%
18,500Switzerland
34%
47,200Hungary
33%
16,000Uruguay
30%
432,800West Bank
24%

Score Distribution

Percentile by Number Answered

Percent of People with Each Score

Your Score History

You have not taken this quiz since the last reset